00381nam a22001457a 4500003000400000005001700004008004100021020001800062082001400080100002100094245004800115250001100163260003900174300002200213OSt20250903144948.0250903b |||||||| |||| 00| 0 eng d a9780230249295 a330bM35P aMarshall, Alfred aPrinciples of economicscBy Alfred Marshall a8th ed aNew yorkbPalgrave macmillanc2013 axxvii; 731p.ePbk